000 01613nam1a2200289 i 4500
001 RU\NLR\BIBL_A\010577511
005 20260409075002.0
035 _a(NLR Aleph) 010577511
090 _a10448109
_c10448109
100 _a20140319g20139999k y0rusy50 ca
101 0 _arus
102 _aRU
105 _a||||7||||||||
200 1 _aВоспитательная деятельность в вузе: проблемы, эффективность, качество
_eматериалы Международной научно-практической конференции, Воронеж, 16-17 апреля 2013 г.
_f[под ред. И.Ф. Бережной, С.В. Поповой]
210 _aВоронеж
_cНаучная книга
_d2013
215 _d20
300 _aВ надзаг.: М-во образования и науки РФ, Воронеж. гос. ун-т
300 _a95-летию Воронеж. гос. ун-та посвящ.
606 _aВысшие учебные заведения
_jСъезды, совещания и т.п
_xВоспитательная работа
_92297929
_3RU\NLR\auth\661375904
686 1 _aЧ481.3яя431
702 1 _4340
_aБережная
_bИ. Ф.
_cд-р пед. наук
_f1955-2020
_gИрина Федоровна
_9141028
_3RU\NLR\AUTH\770141064
712 0 2 _4570
_aВоронежский государственный университет
_9339578
_3RU\NLR\AUTH\889921742
852 _aNLR
_j2014-3/7744
942 _cBOOK